Využití informací o mikrostruktuře v matematickém modelování inženýrských problémů
Salvato in:
| Autore principale: | |
|---|---|
| Natura: | Manoscritto Libro |
| Lingua: | ceco |
| Pubblicazione: |
Brno :
Vysoké učení technické v Brně,
2008
|
| Tags: |
Nessun Tag, puoi essere il primo ad aggiungerne!!
|
MARC
| LEADER | 00000ntm a22000003a 4500 | ||
|---|---|---|---|
| 001 | stu242703 | ||
| 005 | 20150617230134.4 | ||
| 008 | 120201s2008----xr------------------cze-d | ||
| 020 | |a 978-80-214-3698-5 | ||
| 040 | |a STU |b slo | ||
| 041 | 0 | |a cze | |
| 044 | |a xr | ||
| 100 | 1 | |a Vala, Jiří |4 aut | |
| 245 | 1 | |a Využití informací o mikrostruktuře v matematickém modelování inženýrských problémů | |
| 260 | |a Brno : |b Vysoké učení technické v Brně, |c 2008 | ||
| 300 | |a 24 s | ||
| 996 | |b 284V031703 |c V*9246/K-2332 |l VVT |s A |a 24 |w stu242703_0001 | ||